000 00736nam a2200205 a 4500
001 BRCA_1855
005 20190320203558.0
008 050608s1983----mx-a---###---#000-0#spa-#
020 _a9688370126
050 4 _aR465
_b.S76 1983
100 1 _aSomolinos Palencia, Juan
_95754
245 1 0 _aSíntesis histórica de la medicina mexicana
_cinvestigación y textos Juan Somolinos.
260 _aMéxico
_bUNAM, Facultad de Medicina, Centro de Investigación y Servicios Museológicos
_c1983
300 _a305 p.
_bil.
_c25 cm.
500 _aIncluye índice de láminas
504 _aBibliografía : p. 291
650 1 4 _aMedicina
_xHistoria
_zMéxico
_95513
650 1 4 _aHistoria de la medicina
_vExposiciones
_zMéxico
_95755
942 _2lcc
_cB
999 _c1633
_d1633